| Tag |
First Indicator |
Second Indicator |
Subfields |
| LEADER |
00000cam a2200000Ka 4500 |
| 001 |
in00002495021 |
| 005 |
20211202191727.0 |
| 006 |
m d f |
| 008 |
090528s2007 dcu s f000 0 eng d |
| 035 |
|
|
|a (OCoLC)ocn354973278
|
| 040 |
|
|
|a GPO
|c GPO
|d MvI
|d UtOrBLW
|
| 049 |
|
|
|a WWW
|
| 074 |
|
|
|a 0986-A (online)
|
| 086 |
0 |
|
|a VA 1.22:10-203
|
| 245 |
0 |
0 |
|a Mental health care professionals.
|
| 264 |
|
1 |
|a [Washington, D.C.] :
|b Dept. of Veterans Affairs,
|c [2007]
|
| 300 |
|
|
|a 8 unnumbered pages :
|b digital, PDF file.
|
| 336 |
|
|
|a text
|b txt
|2 rdacontent
|
| 337 |
|
|
|a computer
|b c
|2 rdamedia
|
| 338 |
|
|
|a unspecified
|b zu
|2 rdacarrier
|
| 538 |
|
|
|a Mode of access: Internet from the VA web site. Address as of 5/28/09: http://www.vacareers.va.gov/Resources%5FDownload/MHEI%5FBrochure.pdf ; current access available via PURL.
|
| 500 |
|
|
|a Title from title screen (viewed on May 28, 2009).
|
| 500 |
|
|
|a "VA career opportunities."
|
| 500 |
|
|
|a "October 2007."
|
| 500 |
|
|
|a "IB 10-203."
|
| 500 |
|
|
|a "P96213."
|
| 500 |
|
|
|a Electronic resource.
|
| 610 |
1 |
0 |
|a United States.
|b Department of Veterans Affairs
|x Officials and employees
|x Recruiting.
|
| 650 |
|
0 |
|a Mental health personnel
|x Recruiting
|z United States.
|
| 710 |
1 |
|
|a United States.
|b Department of Veterans Affairs.
|
| 856 |
4 |
0 |
|u https://purl.fdlp.gov/GPO/LPS113167
|t 0
|
| 999 |
|
|
|a MARS
|
| 999 |
f |
f |
|s 063fff77-c523-36ef-94f7-f58b7c664b37
|i d4d86e5a-8ac1-31b6-a5e8-98276f0aa736
|t 0
|
| 952 |
f |
f |
|a Texas A&M University
|b College Station
|c Electronic Resources
|d Available Online
|t 0
|e VA 1.22:10-203
|h Superintendent of Documents classification
|
| 998 |
f |
f |
|a VA 1.22:10-203
|t 0
|l Available Online
|